La movilización y la protesta estudiantil en el Tardofranquismo y la democracia (Registro nro. 820121)
[ vista simple ]
| 001 - NÚMERO DE CONTROL | |
|---|---|
| campo de control | 1542044 |
| 005 - FECHA Y HORA DE LA ÚLTIMA TRANSACCIÓN | |
| campo de control | 20240710134842.0 |
| 008 - DATOS DE LONGITUD FIJA--INFORMACIÓN GENERAL | |
| campo de control de longitud fija | 200218s2018 spa |
| 035 ## - NÚMERO DE CONTROL DEL SISTEMA | |
| Número de control de sistema | 1542044 |
| 040 ## - FUENTE DE LA CATALOGACIÓN | |
| Centro/agencia transcriptor | comduadb |
| 041 ## - CÓDIGO DE LENGUA | |
| Código de lengua del texto/banda sonora o título independiente | spa |
| 100 10 - ENTRADA PRINCIPAL--NOMBRE DE PERSONA | |
| Nombre de persona | González Calleja, Eduardo |
| Código de función | aut |
| Término indicativo de función/relación | Autor/a |
| 9 (RLIN) | 514043 |
| 245 13 - MENCIÓN DE TÍTULO | |
| Título | La movilización y la protesta estudiantil en el Tardofranquismo y la democracia |
| 520 3# - SUMARIO, ETC. | |
| Sumario, etc. | "El presente artículo trata de analizar las protestas estudiantiles producidas en España desde los años setenta hasta la actualidad. Tras un recorrido sumario sobre los antecedentes históricos de la movilización escolar desde el siglo xix, se estudian los elementos de contexto, oportunidad y organización que confluyeron en el desencadenamiento, expansión y declive del último gran ciclo de protestas universitarias contra la dictadura que tuvo lugar entre 1968 y 1973. Estos factores son comparados con las movilizaciones acaecidas desde la transición democrática, para tratar de explicar las posibles razones de su menor duración e impacto social y político." |
| 650 ## - PUNTO DE ACCESO ADICIONAL DE MATERIA--TÉRMINO DE MATERIA | |
| Término de materia o nombre geográfico como elemento de entrada | Protestas estudiantiles |
| 9 (RLIN) | 193077 |
| 650 ## - PUNTO DE ACCESO ADICIONAL DE MATERIA--TÉRMINO DE MATERIA | |
| Término de materia o nombre geográfico como elemento de entrada | Movimientos de protesta - España |
| 9 (RLIN) | 213763 |
| 650 #7 - PUNTO DE ACCESO ADICIONAL DE MATERIA--TÉRMINO DE MATERIA | |
| Término de materia o nombre geográfico como elemento de entrada | Educación |
| Subdivisión general | Historia |
| Subdivisión geográfica | España |
| Fuente del encabezamiento o término | lemb |
| 9 (RLIN) | 152686 |
| 650 ## - PUNTO DE ACCESO ADICIONAL DE MATERIA--TÉRMINO DE MATERIA | |
| Término de materia o nombre geográfico como elemento de entrada | Movilización de los estudiantes |
| 9 (RLIN) | 89052 |
| 773 0# - ENLACE AL DOCUMENTO FUENTE/ENTRADA DE REGISTRO ANFITRIÓN | |
| Título | Historia de la Educación : Revista Interuniversitaria (Salamanca) |
| Parte(s) relacionada(s) | Número 37, 2018, páginas 223-255 |
| Número de control del registro | 969758 |
| Número Internacional Normalizado para Publicaciones Seriadas | 0212-0267 |
| Número bibliográfico anfitrión | 377135 |
| 942 ## - ELEMENTOS DE ENTRADA AGREGADA (KOHA) | |
| Tipo de ítem Koha | Artículo de Revista |
No hay ítems disponibles.